Plan estratégico para elevar los niveles de productividad y ventas de la empresa Bordados Aninca en el periodo 2021
El objetivo general del presente estudio es hacer una propuesta de la estrategia corporativa que debe implementar la empresa Bordados Aninca para mejorar su condición actual a nivel de su administración estratégica.
| Main Authors: | , |
|---|---|
| Other Authors: | |
| Format: | Tesis Section = Libro |
| Language: | Undetermined Spanish |
| Published: |
Managua
UNI
2021
|
| Subjects: |
| LEADER | 01108nam a2200265Ia 4500 | ||
|---|---|---|---|
| 008 | 240830s9999 xx 000 0 und d | ||
| 040 | |a BIBLIOTECA-RUPAP/ Mon 658.4012 H557 | ||
| 041 | |a spa | ||
| 082 | |a Mon 658.4012 H557 | ||
| 100 | 1 | |a Hernández Chávez, Nelson Antonio | |
| 100 | 1 | |b Pérez Downs, Michael Alexander | |
| 245 | 1 | 0 | |a Plan estratégico para elevar los niveles de productividad y ventas de la empresa Bordados Aninca en el periodo 2021 |
| 260 | |a Managua |b UNI |c 2021 | ||
| 300 | |a 119 p. :il. | ||
| 500 | |a Contiene: anexos y CD. | ||
| 502 | |a Tesis (Ingeniero Industrial) - UNI, 2021. | ||
| 520 | 3 | |a El objetivo general del presente estudio es hacer una propuesta de la estrategia corporativa que debe implementar la empresa Bordados Aninca para mejorar su condición actual a nivel de su administración estratégica. | |
| 650 | 7 | |a PLANIFICACION ESTRATEGICA | |
| 650 | 7 | |b ESTRATEGIA ADMINISTRATIVA | |
| 650 | 7 | |c ANALISIS ESTRATEGICO | |
| 650 | 7 | |d PLANIFICACION ADMINISTRATIVA | |
| 700 | 1 | |a Tutor: |b Areas Suárez, Juan Carlos | |
| 942 | |c BK |2 ddc | ||
| 991 | |a TESIS | ||
| 999 | |c 18955 | ||